Statistics for Countries with Google Street View

Click here to take the quiz!

General Stats

  • This quiz has been taken 37 times
  • The average score is 82 of 99

Answer Stats

CoverageAnswer% Correct
ExtensiveArgentina
96%
ExtensiveCanada
96%
ExtensiveChile
96%
ExtensiveIndonesia
96%
ExtensiveUnited States
96%
ExtensiveAustralia
93%
ExtensiveBrazil
93%
Few PartsChina
93%
ExtensiveEcuador
93%
ExtensiveEstonia
93%
ExtensiveJapan
93%
ExtensiveMexico
93%
ExtensivePeru
93%
ExtensivePoland
93%
ExtensiveSpain
93%
ExtensiveUnited Kingdom
93%
ExtensiveAlbania
89%
ExtensiveAndorra
89%
ExtensiveAustria
89%
ExtensiveBelgium
89%
ExtensiveBulgaria
89%
ExtensiveColombia
89%
ExtensiveFinland
89%
ExtensiveFrance
89%
ExtensiveGermany
89%
ExtensiveGreece
89%
ExtensiveGuatemala
89%
ExtensiveHungary
89%
ExtensiveIsrael
89%
ExtensiveItaly
89%
ExtensiveLatvia
89%
ExtensiveMalaysia
89%
ExtensiveMontenegro
89%
ExtensiveNetherlands
89%
ExtensiveNorway
89%
ExtensivePortugal
89%
ExtensiveRussia
89%
ExtensiveSan Marino
89%
ExtensiveSlovakia
89%
ExtensiveSouth Africa
89%
ExtensiveSweden
89%
ExtensiveThailand
89%
ExtensiveUkraine
89%
ExtensiveBolivia
85%
ExtensiveCambodia
85%
ExtensiveCzech Republic
85%
ExtensiveDenmark
85%
ExtensiveIndia
85%
ExtensiveKenya
85%
ExtensiveLithuania
85%
ExtensiveMongolia
85%
ExtensiveNew Zealand
85%
ExtensiveNigeria
85%
ExtensiveNorth Macedonia
85%
ExtensivePanama
85%
ExtensiveRomania
85%
ExtensiveSerbia
85%
ExtensiveSingapore
85%
ExtensiveSlovenia
85%
ExtensiveSwitzerland
85%
ExtensiveTaiwan
85%
ExtensiveUruguay
85%
ExtensiveCroatia
81%
Only Two CitiesDominican Republic
81%
Few PartsEgypt
81%
ExtensiveEswatini
81%
ExtensiveIreland
81%
Few PartsLaos
81%
ExtensiveLuxembourg
81%
ExtensiveMonaco
81%
ExtensivePhilippines
81%
ExtensiveSenegal
81%
ExtensiveSouth Korea
81%
ExtensiveTunisia
81%
ExtensiveTurkey
81%
ExtensiveUnited Arab Emirates
81%
ExtensiveBhutan
78%
ExtensiveGhana
78%
ExtensiveIceland
78%
ExtensiveMalta
78%
ExtensiveBangladesh
74%
ExtensiveBotswana
74%
ExtensiveLesotho
74%
ExtensiveSri Lanka
74%
ExtensiveJordan
70%
Few PartsNepal
70%
Few PartsPakistan
70%
Only One CityQatar
70%
Only One CityUganda
70%
Few PartsCosta Rica
67%
Only One CityRwanda
67%
Only One CityBelarus
63%
Only One PlaceIraq
63%
ExtensiveKyrgyzstan
59%
Few PartsLebanon
56%
Few PartsMadagascar
52%
Few PartsTanzania
48%
Few PartsVanuatu
33%
Few PartsMali
30%

Score Distribution

Percentile by Number Answered

Percent of People with Each Score

Your Score History

You have not taken this quiz